Die größten Städte mit L - Statistiken

Allgemein
  • Dieses Quiz wurde 324 mal gespielt
  • Das Durchschnittsergebnis liegt bei 15 aus 30
Antwortstatistiken
Land Antwort Einwohner % Korrekt
Vereinigtes Königreich London 14.800.000
100%
Peru Lima 11.600.000
95%
Portugal Lissabon 2.500.000
91%
Frankreich Lyon 2.025.000
90%
USA Los Angeles 17.700.000
89%
Nigeria Lagos 21.400.000
87%
China Lu‘an 1.200.000
77%
Angola Luanda 9.000.000
77%
Vereinigtes Königreich Liverpool 1.900.000
75%
Vereinigtes Königreich Leeds 2.220.000
71%
Frankreich Lille 1.300.000
66%
Bolivien La Paz 2.225.000
64%
Polen Łódź 1.000.000
61%
Pakistan Lahore 14.400.000
60%
Sambia Lusaka 2.250.000
59%
USA Las Vegas 2.375.000
58%
Togo Lomé 2.300.000
58%
Malawi Lilongwe 1.140.000
50%
USA Louisville 1.030.000
25%
Indien Lucknow 4.000.000
18%
Mexiko León 2.200.000
17%
China Lanzhou 3.400.000
16%
D.R Kongo Lubumbashi 2.650.000
14%
China Linyi 4.300.000
10%
China Luzhou 1.240.000
9%
China Luoyang 3.450.000
6%
China Liuzhou 2.350.000
5%
Indien Ludhiāna 2.075.000
4%
China Liaocheng 1.130.000
1%
China Lianyungang 1.110.000
0%
Keine übereinstimmenden Quizze gefunden
Verteilung der Resultate
Anzahl Personen mit jedem Resultat
Perzentil nach korrekt beantworteten Fragen
Ihre Resultats-Entwicklung
Sie haben dieses Quiz noch nicht gespielt